Mind of teh strategist (Record no. 1258213)

MARC details
000 -LEADER
fixed length control field 00486nam a2200169Ia 4500
005 - DATE AND TIME OF LATEST TRANSACTION
control field 20250317125140.0
008 - FIXED-LENGTH DATA ELEMENTS--GENERAL INFORMATION
fixed length control field 008 250317s9999 xx 000 0 eng d
040 ## - CATALOGING SOURCE
Original cataloging agency FMSL
Language of cataloging eng
Transcribing agency FMSL
041 ## - LANGUAGE CODE
Language code of text/sound track or separate title eng
Source of code eng
084 ## - COLON CLASSIFICATION NUMBER
Classification number X8(A):8.42 M2
Assigning agency FMSL
100 ## - MAIN ENTRY--PERSONAL NAME
Personal name Chmae K
9 (RLIN) 743557
245 #0 - TITLE STATEMENT
Title Mind of teh strategist
260 ## - PUBLICATION, DISTRIBUTION, ETC.
Place of publication, distribution, etc. New York
Name of publisher, distributor, etc. New York, Penguin books ltd.
Date of publication, distribution, etc. 1982
942 ## - ADDED ENTRY ELEMENTS (KOHA)
Koha item type Textbook
Classification part X8(A):8.42 M2

No items available.

Copyright @ Delhi University Library System